000 00608nam a2200193Ia 4500
005 20250508165521.0
008 008 250505s9999 xx 000 0 eng d
037 _aDissertations
040 _aFEDL
_beng
_cFEDL
041 _aeng
_2eng
084 _a371.97, YAD/DI
_qFEDL
100 _aYadav Sheetal
_9781069
245 0 _aPerceived challenges in educating tribal children: A case study of Garasia Tribe ABU Road, Rajasthan
260 _c2015
300 _aviii, 95p.
546 _aM.Ed. Dissertation, (Delhi University)
942 _cDIS
_h371.97, YAD/DI
999 _c1395602
_d1395602